000 00692nam a22002177a 4500
999 _c11070
_d11070
003 AR-CdUCM
008 190402b ||||| |||| 00| 0 spa d
040 _aMUNICIPALIDAD PROVINCIAL DEL CUSCO
_cBIBLIOTECA MUNICIPAL DEL CUSCO
082 _aEP / 551.46 /
_bH56
100 _aHerrera, Jose Luis
_928200
245 _aEl libro del destino /
260 _aMadrir :
_bAguilar,
_c1958.
300 _a102 paginas ;
_bIlustraciones,
_c31 cm.
440 _aColección el Globo de Colores
_926694
505 _aContenido :El libro del desierto /
650 _aEducación primaria
_91561
650 _aHidrologia
_96390
650 _aLibro infantil
_924758
942 _2ddc
_cLIBROS
945 _arjall